书目信息 |
| 题名: |
分析力学
|
|
| 作者: | 黄昭度 , 纪辉玉 编著 | |
| 分册: | ||
| 出版信息: | 北京 清华大学出版社 1985 |
|
| 页数: | 364页 | |
| 开本: | 19cm | |
| 丛书名: | ||
| 单 册: | ||
| 中图分类: | O316 | |
| 科图分类: | ||
| 主题词: | 分析力学 | |
| 电子资源: | ||
| ISBN: | ||
| 000 | 00650nam0 2200253 45 | |
| 001 | 0185009974 | |
| 005 | 20040630151142.7 | |
| 010 | @dCNY2.30 | |
| 091 | @a15235.137 | |
| 100 | @a19900904d1985 emky0chiy0121 ea | |
| 101 | 0 | @achi |
| 102 | @aCN@b110000 | |
| 105 | @ay z 000yy | |
| 106 | @ar | |
| 200 | 10 | @a分析力学@Afen xi li xue@f黄昭度, 纪辉玉编著 |
| 210 | @a北京@c清华大学出版社@d1985 | |
| 215 | @a364页@d19cm | |
| 606 | @a分析力学 | |
| 690 | @aO316@v3 | |
| 701 | 0 | @a黄昭度@Ahuang zhao du@4编著 |
| 701 | 0 | @a纪辉玉@Aji hui yu@4编著 |
| 801 | 0 | @aCN@b深圳图书馆@c20040518 |
| 801 | 2 | @aCN@bNLC@c20040518 |
| 905 | @dO316@e9@f1@b151530 | |
| 分析力学/黄昭度, 纪辉玉编著.-北京:清华大学出版社,1985 |
| 364页;19cm |
| ISBN :CNY2.30 |
| ● |
| 相关链接 |
|
|
|
|
正题名:分析力学
索取号:O316/9
 
预约/预借
| 序号 | 登录号 | 条形码 | 馆藏地/架位号 | 状态 | 备注 |
| 1 | 0151527 | 000384514 | 第三借阅区/ [索取号:O316/9] | 在馆 | |
| 2 | 0151528 | 000384499 | 第三借阅区/ [索取号:O316/9] | 在馆 | |
| 3 | 0151529 | 000384523 | 第三借阅区/ [索取号:O316/9] | 在馆 | |
| 4 | 0151530 | 001937881 | 第三借阅区/ [索取号:O316/9] | 在馆 | |
| 5 | 0151531 | 202098103 | 第二样本阅览室/ [索取号:O316/9] | 在馆 |